| 000 | 00831nam a2200217Ia 4500 | ||
|---|---|---|---|
| 999 |
_c42805 _d42805 |
||
| 001 | 9511 | ||
| 003 | GE_BSU | ||
| 005 | 20240611174542.0 | ||
| 008 | 181216s2011||||ge |||||||||||||| ||geo|| | ||
| 040 | _cGE_BSU | ||
| 041 | _ageo | ||
| 080 | _a811.353.1-825.161.1 გ–65 | ||
| 100 |
_aგოლეთიანი, გ. _922402 |
||
| 245 |
_aქართულ–რუსული სასაუბრო = Грузинско-русский разговорник / _cგ. გოლეთიანი. |
||
| 264 |
_aთბილისი : _bცის ნამის გამ–ბა, _c2011. |
||
| 300 |
_a111 გვ. ; _c20 სმ. |
||
| 541 | _h2ლ. | ||
| 653 | _aГрузинско-русский разговорник | ||
| 653 | _aქართულ–რუსული სასაუბრო | ||
| 942 |
_cBK _2udc |
||